03293nam a2200529Ia 45000010005000000080041000050100009000460410014000550820008000692450161000772600011002383000008002495200007002576300016002646300013002806500030002936900024003237000037003477000050003847000038004349010059004729020006005319030082005379040036006199050030006559060006006859070014006919080014007059090061007199100015007809110010007959120014008059130009008199140026008289150019008549160009008739170009008829180014008919190018009055201776009239210007026999220007027069230006027139240019027199420010027389990015027486927241029s9999 xx 000 0 und d a6548 aEspañol aN/A 0aDeterminación de Materiales Radiactivos de Ocurrencia Natural (NORM) en los Suelos de la Provincia Hermanas Mirabal, en el período agosto-noviembre 2017 aDuarte a127 a73 aCompetencia aFísica aCiencias de la Naturaleza aCopiado sin cambios easesora Rubio, José Aníbal eautora Ventura de Jesús , Carlos Ambiorix  easesora Ferreira, José Miguel  a{"1":" Ventura de Jesús "}b{"1":"Carlos Ambiorix "} a2 a{"1":" Ferreira","2":" Rubio"}b{"1":"José Miguel ","2":" José Aníbal"} aMaestría Profesionalizante en aCiencias de la Naturaleza a2 aNO APLICA aNO APLICA aCentro Universitario Regional del Nordeste, CURNE (UASD) aNULLbNULL a["1"] aNO APLICA aNULL a01 de Octubre de 2018 a01/12/19 05:12 aNULL aNULL aNO APLICA a["322","261"] aEste estudio es el resultado de la exploración de suelos radiactivos en busca de radionúclidos. El mismo, se efectuó con el objetivo de determinar materiales radiactivos de ocurrencia natural (NORM) en suelos de la Provincia Hermanas Mirabal, en el período agosto-noviembre 2017.  El motivo que dio origen a la realización de esta investigación fue la necesidad de conocer cuales radionúclidos existen en los suelos de la Hermanas Mirabal. Así como, determinar el modo de decaimiento de los mismos y al mismo tiempo conocer la actividad específica de cada material radiactivo, para de esta forma, contrarrestar cualquier desequilibrio que pueda aparecer en dichas zonas objeto de estudio.  Este fue un estudio de carácter descriptivo, de corte transversal, a través del enfoque cuantitativo. Para el mismo, se siguió un proceso de recolección de muestras, que luego fueron enviadas al laboratorio de la Comisión Nacional de Energía para su análisis a través del espectrómetro, usando radiación gamma. Y luego, de ese procedimiento se hicieron las interpretaciones y análisis pertinentes de los resultados.  Dentro de las conclusiones más relevantes se encuentran, que los elementos pertenecientes a las series naturales radiactivas como son la del Uranio, Torio y Potasio, fueron los que se encontraron en el estudio, predominando el K-40 y el Pb210. El último, perteneciente a la serie del Uranio, que según estudios realizados son las que más presencia tienen en la corteza terrestre. También, se encontró un elemento de procedencia no natural como lo es el Cs-137, el cual podría ser fruto a las diferentes explosiones nucleares que se han producido durante todo el tiempo de existencia del planeta Tierra.  a72 a72 a1 a20191109200705 cTesis c6548d6548